Countries that Produce the most Oil by Continent - Statistics

General Stats
  • This quiz has been taken 57 times
  • The average score is 23 of 28
Answer Stats
Continent BBL/Day Country % Correct
Asia 4,089,997 China
98%
Europe 10,278,370 Russia
98%
North America 11,884,154 United States
98%
North America 1,715,914 Mexico
96%
Oceania 310,919 Australia
94%
South America 2,825,505 Brazil
94%
North America 4,543,800 Canada
94%
Europe 744,965 United Kingdom
94%
Asia 3,293,401 Iran
92%
Oceania 6,551 New Zealand
92%
Asia 4,470,506 Iraq
90%
South America 703,658 Venezuela
90%
South America 582,289 Argentina
88%
Asia 10,664,394 Saudi Arabia
88%
South America 751,876 Colombia
85%
Africa 1,211,863 Algeria
83%
Africa 1,316,415 Nigeria
83%
Africa 567,652 Egypt
81%
Oceania 35,917 Papua New Guinea
81%
South America 479,518 Ecuador
79%
Europe 1,704,297 Norway
79%
Asia 3,467,870 United Arab Emirates
79%
North America 32,079 Cuba
75%
Africa 1,057,890 Libya
75%
North America 6,188 Guatemala
63%
Europe 83,151 Italy
63%
Europe 69,012 Turkey
60%
Africa 1,165,993 Angola
52%
No matching quizzes found
Score Distribution
Percent of People with Each Score
Percentile by Number Answered
Your Score History
You have not taken this quiz